Sprachkontakt Generativ : Eine Untersuchung Kontaktbedingten Syntaktischen Wandels Im Zimbrischen.

Die Buchreihe Linguistische Arbeiten (LA) trägt wesentlich zur aktuellen linguistischen Theoriebildung im Bereich der allgemeinen und einzelsprachlichen Linguistik bei. Veröffentlicht werden hochwertige Arbeiten, die aktuelle Fragestellungen bearbeiten und die Entwicklung der Sprachwissenschaft, s...

Full description

Bibliographic Details
Main Author: Bidese, Ermenegildo.
Format: eBook
Language:German
Published: Berlin/Boston : Walter de Gruyter GmbH, 2023.
Edition:1st ed.
Series:Linguistische Arbeiten Series
Subjects:
Online Access:Click to View
LEADER 02301nam a22003853i 4500
001 EBC30553079
003 MiAaPQ
005 20231204023231.0
006 m o d |
007 cr cnu||||||||
008 231204s2023 xx o ||||0 ger d
020 |a 9783110765014  |q (electronic bk.) 
035 |a (MiAaPQ)EBC30553079 
035 |a (Au-PeEL)EBL30553079 
035 |a (OCoLC)1382695110 
040 |a MiAaPQ  |b eng  |e rda  |e pn  |c MiAaPQ  |d MiAaPQ 
100 1 |a Bidese, Ermenegildo. 
245 1 0 |a Sprachkontakt Generativ :  |b Eine Untersuchung Kontaktbedingten Syntaktischen Wandels Im Zimbrischen. 
250 |a 1st ed. 
264 1 |a Berlin/Boston :  |b Walter de Gruyter GmbH,  |c 2023. 
264 4 |c ©2023. 
300 |a 1 online resource (244 pages) 
336 |a text  |b txt  |2 rdacontent 
337 |a computer  |b c  |2 rdamedia 
338 |a online resource  |b cr  |2 rdacarrier 
490 1 |a Linguistische Arbeiten Series ;  |v v.582 
505 0 |a Intro -- Danksagung -- Inhalt -- 1 Hinführung zum Thema -- 2 Erklärungsansätze in der Sprachkontaktforschung -- 3 Sprachkontakt auf der Ebene des Sprachsystems: die Sprechergemeinschaft -- 4 Sprachkontakt auf der Ebene des Individuums: der bilinguale Sprecher -- 5 Resümee und Schluss -- Literatur -- Sachregister -- Sprachenregister -- Personenregister. 
520 |a Die Buchreihe Linguistische Arbeiten (LA) trägt wesentlich zur aktuellen linguistischen Theoriebildung im Bereich der allgemeinen und einzelsprachlichen Linguistik bei. Veröffentlicht werden hochwertige Arbeiten, die aktuelle Fragestellungen bearbeiten und die Entwicklung der Sprachwissenschaft, synchron oder diachron, empirisch oder theoretisch orientiert, vorantreiben. 
588 |a Description based on publisher supplied metadata and other sources. 
590 |a Electronic reproduction. Ann Arbor, Michigan : ProQuest Ebook Central, 2023. Available via World Wide Web. Access may be limited to ProQuest Ebook Central affiliated libraries.  
655 4 |a Electronic books. 
776 0 8 |i Print version:  |a Bidese, Ermenegildo  |t Sprachkontakt Generativ  |d Berlin/Boston : Walter de Gruyter GmbH,c2023 
797 2 |a ProQuest (Firm) 
830 0 |a Linguistische Arbeiten Series 
856 4 0 |u https://ebookcentral.proquest.com/lib/matrademy/detail.action?docID=30553079  |z Click to View